New layer of confusion (Record no. 82867)
[ view plain ]
| 000 -LEADER | |
|---|---|
| fixed length control field | 00749cab a22002055a 4500 |
| 001 - CONTROL NUMBER | |
| control field | L151925 |
| 008 - FIXED-LENGTH DATA ELEMENTS--GENERAL INFORMATION | |
| fixed length control field | 110111e20101211xxk 000 0 eng d |
| 035 ## - SYSTEM CONTROL NUMBER | |
| System control number | (Sirsi) u151925 |
| 041 0# - LANGUAGE CODE | |
| Language code of text/sound track or separate title | eng |
| 100 1# - MAIN ENTRY--PERSONAL NAME | |
| Personal name | Ashman, Kevin |
| 245 00 - TITLE STATEMENT | |
| Title | New layer of confusion |
| 260 ## - PUBLICATION, DISTRIBUTION, ETC. | |
| Date of publication, distribution, etc. | 2010 |
| 490 ## - SERIES STATEMENT | |
| Series statement | Estates Gazette |
| Volume/sequential designation | (1049) 11 December 2010, 71(1) |
| 520 ## - SUMMARY, ETC. | |
| Summary, etc. | Gives advice on how limited liability partnerships are treated for stamp duty land tax purposes after HM Revenue & Customs issued guidance outlining a change in October 2010. Implications for partnerships include transfers between a partnership and its subsidiary. |
| 590 ## - LOCAL NOTE (RLIN) | |
| Local note | KA |
| 651 #4 - SUBJECT ADDED ENTRY--GEOGRAPHIC NAME | |
| Geographic name | United Kingdom |
| Chronological subdivision | |
| 690 ## - LOCAL SUBJECT ADDED ENTRY--TOPICAL TERM (OCLC, RLIN) | |
| Topical term or geographic name as entry element | PROPERTY-TAXATION |
| 700 1# - ADDED ENTRY--PERSONAL NAME | |
| Personal name | Hill, Suzanne |
| 942 ## - ADDED ENTRY ELEMENTS (KOHA) | |
| Suppress in OPAC | 0 |
| Withdrawn status | Lost status | Source of classification or shelving scheme | Damaged status | Not for loan | Home library | Current library | Shelving location | Date acquired | Total Checkouts | Full call number | Barcode | Date last seen | Copy number | Price effective from | Koha item type |
|---|---|---|---|---|---|---|---|---|---|---|---|---|---|---|---|
| Dewey Decimal Classification | London | London | Journal article | 11/01/2011 | L151925 | 151925-1001 | 06/08/2019 | 1 | 06/08/2019 | Journal article |